शब्द महिमा / (Record no. 112794)

MARC details
000 -LEADER
fixed length control field 01169nam a22002657a 4500
005 - DATE AND TIME OF LATEST TRANSACTION
control field 20170124102944.0
010 ## - LIBRARY OF CONGRESS CONTROL NUMBER
LC control number A-498732
020 ## - INTERNATIONAL STANDARD BOOK NUMBER
Terms of availability 40.00
035 ## - SYSTEM CONTROL NUMBER
System control number A-498732
037 ## - SOURCE OF ACQUISITION
Source of stock number/acquisition Cen Lib/Ret
040 ## - CATALOGING SOURCE
Original cataloging agency DPL
Language of cataloging HN
082 ## - DEWEY DECIMAL CLASSIFICATION NUMBER
Classification number 822
Item number फोंदगी
100 ## - MAIN ENTRY--PERSONAL NAME
Personal name फोंदगी ,आत्माराम ''कमल ''
9 (RLIN) 49213
245 ## - TITLE STATEMENT
Title शब्द महिमा /
Statement of responsibility, etc आत्माराम फोंदगी ''कमल ''
246 ## - VARYING FORM OF TITLE
Title proper/short title Shabd mahima
Remainder of title by Atmaram Fondgi ''Komal''
260 ## - PUBLICATION, DISTRIBUTION, ETC. (IMPRINT)
Place of publication, distribution, etc नई दिल्ली
Name of publisher, distributor, etc बिनसर प्रकाशन
Date of publication, distribution, etc 1991
270 ## - ADDRESS
Address डी -९६,बाबा गंगनाथ मार्किट मुनिरका
City नई दिल्ली
Postal code 110067
300 ## - PHYSICAL DESCRIPTION
Extent 133पृष्ठ.
Dimensions 19सेमी(सजिल्द)
650 ## - SUBJECT ADDED ENTRY--TOPICAL TERM
Topical term or geographic name as entry element हिंदी साहित्य
9 (RLIN) 49214
650 ## - SUBJECT ADDED ENTRY--TOPICAL TERM
Topical term or geographic name as entry element हिंदी काव्य -अध्यात्मिक दर्शन
9 (RLIN) 49215
650 ## - SUBJECT ADDED ENTRY--TOPICAL TERM
Topical term or geographic name as entry element Hindi Literature
9 (RLIN) 49216
650 ## - SUBJECT ADDED ENTRY--TOPICAL TERM
Topical term or geographic name as entry element Hindi poetry philosophy -adyatmik
9 (RLIN) 49217
700 ## - ADDED ENTRY--PERSONAL NAME
9 (RLIN) 4358
942 ## - ADDED ENTRY ELEMENTS (KOHA)
Source of classification or shelving scheme Dewey Decimal Classification
Koha item type Hindi Books
Classification part 822
Call number suffix फोंदगी
Holdings
Withdrawn status Lost status Damaged status Not for loan Home library Current library Date acquired Source of acquisition Cost, normal purchase price Total Checkouts Full call number Barcode Date last seen Copy number Cost, replacement price Price effective from Koha item type
        Central Library Central Library 10/08/2015 Cen Lib/Ret 40.00   822 फोंदगी A-498732 10/08/2015 1 40.00 10/08/2015 Hindi Books

© Delhi Public Library
Hit Counter
free hit counter